• 首页
  • 本馆介绍
  • 公告通知
  • 最新文献
  • 馆藏检索
  • 电子资源
  • 读者导购
  • 参考咨询
  • 我的图书馆
  • 登录
  • 详细信息显示
  • 放入我的书架
  • 预约/预借图书
  • 作者相关作品
  • 分类相关作品
  • 丛书相关作品
  • 出版社相关作品

书目信息

  • 表格格式
  • 工作单格式
  • 卡片格式
题名:
篇章结构及教学
    
 
作者: 朱星 著
分册:  
出版信息: 兰州   甘肃人民出版社  1983
页数: 108页
开本: 19cm
丛书名:
单 册:
中图分类: H152 , G424
科图分类:
主题词: 汉语-文体论 , 文体论-汉语 , 教学理论
电子资源:
ISBN:
000 00646nam0 2200253 450
001 1572308248
005 20150123200553.89
010    @dCNY0.30
091    @a7096.179
100    @a19950704d1983 emky0chiy0110 ea
101 0  @achi
102    @aCN@b620000
105    @ay z 000yy
200 1  @a篇章结构及教学@9pian zhang jie gou ji jiao xue@f朱星著
210    @a兰州@c甘肃人民出版社@d1983
215    @a108页@d19cm
606 0  @a汉语-文体论
606 0  @a文体论-汉语
606 0  @a教学理论
690    @aH152@v5
690    @aG424@v4
701  0 @a朱星@9zhu xing@f(1911~1982)@4著
801  0 @aCN@bTSSF@c20150123
905    @aZUCC@dG424@eJY164
    
    篇章结构及教学/朱星著.-兰州:甘肃人民出版社,1983
    108页;19cm
    
    
    ISBN :CNY0.30
    
●
相关链接 在E读中查询图书 在五车中查询图书 在当当中查询图书 在豆瓣中查询图书


正题名:篇章结构及教学     索取号:G424/JY164         预约/预借

序号 登录号 条形码 馆藏地/架位号 状态 备注
1 7840194   278401944   学院路分馆/ [索取号:G424/JY164] 在馆    
2 7840195   278401953   学院路分馆/ [索取号:G424/JY164] 在馆    
3 7840196   278401962   学院路分馆/ [索取号:G424/JY164] 在馆    
4 7840197   278401971   学院路分馆/ [索取号:G424/JY164] 在馆    
唐山师范学院图书馆 欢迎您!
大连网信软件有限公司© 版权所有